1366 1194 1958 1772 1005 1245 1477 1112 1961 1751 1017 1715 1606 1922 1174 1210 1736 1328 1083 1740 1398 1781 1017 1907 1228 1858 1660 1842 1210 1192 1441 1926 1806 1870 1355 1979 1594 1629 1653 1589 1192 1126 1019 1118 1732 1616 1713 1350 1797 1408 1829 1906 1147 1033 1068 1682 1069 1113 1777 1320 1541 1681 1478 1773 1251 1426 1568 1503 1865 1516 1159 1195 1005 1319 1539 1291 1575 1334 1003 1327 1288 1334 1084 1572 1373 1884 1285 1763 1386 1074 1721 1005 1337 1349 1446 1595 1429 1590 1766 BCNSPRNW ULIB Ver.6.0+V

เปลี่ยนเป็นภาษาไทย

Change to English
 แสดงรายละเอียดบรรณานุกรม
  กลับหน้าหลัก

Brief Record : Get Marc (ISO 2709) : E-mail record : QR code < ปิดหน้าต่าง
LEADER : 00000nam 2200000uu 4500
001    13399109930
003     ULIB
008    110418s2544||||th 000 0 tha d
020    9748792439
060 04 WE251^bย12ภ 2544
100 0  ยงยุทธ ศิริปการ
245 10 ภาวะการอักเสบจากการติดเชื้อในกระดูกและข้อ =^bBone andjoint infections /^cยงยุทธ ศิริปการ
246 31 Bone and joint infections
260    กรุงเทพฯ :^bบุ๊คเน็ท,^c2544
300    xiv, 276 หน้า :^bภาพประกอบ ;^c27 ซม
650  7 กระดูก^xการติดเชื้อ
650  7 กระดูกพรุนอักเสบ
650  7 ข้อ^xการติดเชื้อ
650  7 ข้ออักเสบ
945    ^p0^l0^i026142
945    ^p0^l0^i014978
945    ^p0^l0^i014976
945    ^p0^l0^i014975
945    ^p0^l0^i026143
945    ^p0^l0^i026141
945    ^p0^l0^i014977
995    ทศพร
999 ^a ใช้งานได้ทุกระบบ
รายการนี้ยังไม่มีแท็ก
คุณยังไม่ได้ล็อกอิน คุณสามารถมีกิจกรรมร่วมกับเว็บไซต์ได้ แต่ต้องล็อกอินก่อน ::
  ล็อกอิน

รายการสื่อสารสนเทศ

ลำดับที่ ประเภท เลขเรียก/บาร์โค้ด สถานที่ สถานะ
- ไม่พบข้อมูล -

รายการใกล้เคียง
    ผู้แต่ง [ยงยุทธ ศิริปการ]

    หัวเรื่อง [ข้ออักเสบ]

BibComment


ยังไม่เคยถูกคอมเมนท์

คอมเมนท์ทรัพยากรรายการนี้
  คอมเมนท์: ภาวะการอักเสบจากก..


 Copyright 2026. Bcnsprnw @Library